All these warriors (Record no. 591145)

000 -LEADER
fixed length control field 00420nam a22001697a 4500
003 - CONTROL NUMBER IDENTIFIER
control field NUST
005 - DATE AND TIME OF LATEST TRANSACTION
control field 20220817115645.0
008 - FIXED-LENGTH DATA ELEMENTS--GENERAL INFORMATION
fixed length control field 220817b ||||| |||| 00| 0 eng d
020 ## - INTERNATIONAL STANDARD BOOK NUMBER
International Standard Book Number 9780358012412
038 ## - RECORD CONTENT LICENSOR
Staff Name Azhar
082 ## - DEWEY DECIMAL CLASSIFICATION NUMBER
Classification number 813.6
Author Mark TIN
100 ## - MAIN ENTRY--PERSONAL NAME
Personal name Tintera, Amy
9 (RLIN) 97721
245 ## - TITLE STATEMENT
Title All these warriors
Statement of responsibility, etc. Amy Tintera
260 ## - PUBLICATION, DISTRIBUTION, ETC.
Place of publication, distribution, etc. Boston
Name of publisher, distributor, etc. Houghton Mifflin Harcourt
Date of publication, distribution, etc. 2021
300 ## - PHYSICAL DESCRIPTION
Extent 326p
942 ## - ADDED ENTRY ELEMENTS (KOHA)
Source of classification or shelving scheme
Koha item type Lincoln Corner
Holdings
Withdrawn status Lost status Source of classification or shelving scheme Damaged status Not for loan Permanent Location Current Location Shelving location Date acquired Full call number Barcode Date last seen Price effective from Koha item type
          Central Library (CL) Central Library (CL) Lincoln Corner 08/17/2022 813.6 TIN LC-356 08/17/2022 08/17/2022 Reference
© 2023 Central Library, National University of Sciences and Technology. All Rights Reserved.